Statistics for Largest country per continent

Click here to take the quiz!

General Stats

  • This quiz has been taken 25 times
  • The average score is 6 of 6

Answer Stats

ContinentCountry% Correct
OceaniaAustralia
100%
South AmericaBrazil
100%
North AmericaCanada
100%
AsiaChina
100%
AfricaAlgeria
96%
EuropeUkraine
84%

Score Distribution

Percentile by Number Answered

Percent of People with Each Score

Your Score History

You have not taken this quiz